Name a Valid Country for Each Fish - Statistics

General Stats
  • This quiz has been taken 18 times
  • The average score is 13 of 15
Answer Stats
Hint Scientific Name Answer Countries % Correct
Chinook Salmon Oncorhynchus tshawytscha โœ“ ๐Ÿ‡จ๐Ÿ‡ฆ๐Ÿ‡ท๐Ÿ‡บ๐Ÿ‡บ๐Ÿ‡ธ
100%
Paddlefish Polyodon spathula โœ“ ๐Ÿ‡บ๐Ÿ‡ธ
93%
Sand Tiger Sharks Carcharias taurus โœ“ ๐Ÿ‡ฆ๐Ÿ‡ท๐Ÿ‡ฆ๐Ÿ‡บ๐Ÿ‡ฒ๐Ÿ‡ฟ๐Ÿ‡ฟ๐Ÿ‡ฆ๐Ÿ‡บ๐Ÿ‡ธ๐Ÿ‡บ๐Ÿ‡พ
93%
Arowanas Osteoglossidae โœ“ ๐Ÿ‡ฆ๐Ÿ‡บ๐Ÿ‡ง๐Ÿ‡ท๐Ÿ‡จ๐Ÿ‡ณ๐Ÿ‡จ๐Ÿ‡ด๐Ÿ‡ช๐Ÿ‡จ๐Ÿ‡ฌ๐Ÿ‡พ๐Ÿ‡ฎ๐Ÿ‡ณ๐Ÿ‡ฎ๐Ÿ‡ฉ๐Ÿ‡ฒ๐Ÿ‡พ๐Ÿ‡ต๐Ÿ‡ช๐Ÿ‡ต๐Ÿ‡ญ๐Ÿ‡ธ๐Ÿ‡ฌ๐Ÿ‡น๐Ÿ‡ผ๐Ÿ‡น๐Ÿ‡ญ๐Ÿ‡ป๐Ÿ‡ณ
93%
Wels Catfish Silurus glanis โœ“ ๐Ÿ‡ฆ๐Ÿ‡ฒ๐Ÿ‡ฆ๐Ÿ‡น๐Ÿ‡ง๐Ÿ‡พ๐Ÿ‡ง๐Ÿ‡ช๐Ÿ‡ง๐Ÿ‡ฆ๐Ÿ‡ง๐Ÿ‡ฌ๐Ÿ‡ญ๐Ÿ‡ท๐Ÿ‡จ๐Ÿ‡ฟ๐Ÿ‡ซ๐Ÿ‡ท๐Ÿ‡ฉ๐Ÿ‡ช๐Ÿ‡ฌ๐Ÿ‡ท๐Ÿ‡ญ๐Ÿ‡บ๐Ÿ‡ฎ๐Ÿ‡น๐Ÿ‡ฎ๐Ÿ‡ท๐Ÿ‡ฐ๐Ÿ‡ฟ๐Ÿ‡ฑ๐Ÿ‡ป๐Ÿ‡ฑ๐Ÿ‡น๐Ÿ‡ฑ๐Ÿ‡บ๐Ÿ‡ฒ๐Ÿ‡ฉ๐Ÿ‡ณ๐Ÿ‡ฑ๐Ÿ‡ต๐Ÿ‡ฑ๐Ÿ‡ต๐Ÿ‡น๐Ÿ‡ท๐Ÿ‡ด๐Ÿ‡ท๐Ÿ‡บ๐Ÿ‡ท๐Ÿ‡ธ๐Ÿ‡ธ๐Ÿ‡ฐ๐Ÿ‡ธ๐Ÿ‡ฎ๐Ÿ‡ช๐Ÿ‡ธ๐Ÿ‡ธ๐Ÿ‡ช๐Ÿ‡จ๐Ÿ‡ญ๐Ÿ‡น๐Ÿ‡ท๐Ÿ‡น๐Ÿ‡ฒ๐Ÿ‡บ๐Ÿ‡ฆ๐Ÿ‡ฌ๐Ÿ‡ง๐Ÿ‡บ๐Ÿ‡ฟ
87%
Electric Eel Knifefish Electrophorus โœ“ ๐Ÿ‡ง๐Ÿ‡ท๐Ÿ‡จ๐Ÿ‡ด๐Ÿ‡ช๐Ÿ‡จ๐Ÿ‡ซ๐Ÿ‡ท๐Ÿ‡ฌ๐Ÿ‡พ๐Ÿ‡ต๐Ÿ‡ช๐Ÿ‡ธ๐Ÿ‡ท๐Ÿ‡ป๐Ÿ‡ช
87%
Spotted Eagle Rays Aetobatus narinari โœ“ ๐Ÿ‡ฆ๐Ÿ‡ฌ๐Ÿ‡ง๐Ÿ‡ธ๐Ÿ‡ง๐Ÿ‡ฉ๐Ÿ‡ง๐Ÿ‡ฟ๐Ÿ‡ง๐Ÿ‡ท๐Ÿ‡จ๐Ÿ‡ด๐Ÿ‡จ๐Ÿ‡ท๐Ÿ‡จ๐Ÿ‡บ๐Ÿ‡ฉ๐Ÿ‡ฒ๐Ÿ‡ฉ๐Ÿ‡ด๐Ÿ‡ซ๐Ÿ‡ท๐Ÿ‡ฌ๐Ÿ‡ฉ๐Ÿ‡ฌ๐Ÿ‡น๐Ÿ‡ญ๐Ÿ‡น๐Ÿ‡ญ๐Ÿ‡ณ๐Ÿ‡ฏ๐Ÿ‡ฒ๐Ÿ‡ณ๐Ÿ‡ฑ๐Ÿ‡ณ๐Ÿ‡ฎ๐Ÿ‡ฒ๐Ÿ‡ฝ๐Ÿ‡ต๐Ÿ‡ฆ๐Ÿ‡ฐ๐Ÿ‡ณ๐Ÿ‡ป๐Ÿ‡จ๐Ÿ‡น๐Ÿ‡น๐Ÿ‡บ๐Ÿ‡ธ๐Ÿ‡ฌ๐Ÿ‡ง๐Ÿ‡ป๐Ÿ‡ช
87%
Mudskippers Oxudercinae โœ“ ๐Ÿ‡ฆ๐Ÿ‡ด๐Ÿ‡ฆ๐Ÿ‡บ๐Ÿ‡ง๐Ÿ‡ฉ๐Ÿ‡ง๐Ÿ‡ฏ๐Ÿ‡ง๐Ÿ‡ณ๐Ÿ‡ฐ๐Ÿ‡ญ๐Ÿ‡จ๐Ÿ‡ฒ๐Ÿ‡จ๐Ÿ‡ณ๐Ÿ‡ฐ๐Ÿ‡ฒ๐Ÿ‡จ๐Ÿ‡ฌ๐Ÿ‡ฉ๐Ÿ‡ฏ๐Ÿ‡จ๐Ÿ‡ฉ๐Ÿ‡ฌ๐Ÿ‡ถ๐Ÿ‡ซ๐Ÿ‡ฏ๐Ÿ‡ซ๐Ÿ‡ท๐Ÿ‡ฌ๐Ÿ‡ฆ๐Ÿ‡ฌ๐Ÿ‡ฒ๐Ÿ‡ฌ๐Ÿ‡ญ๐Ÿ‡ฌ๐Ÿ‡ณ๐Ÿ‡ฌ๐Ÿ‡ผ๐Ÿ‡ฎ๐Ÿ‡ณ๐Ÿ‡ฎ๐Ÿ‡ฉ๐Ÿ‡ฎ๐Ÿ‡ท๐Ÿ‡ฎ๐Ÿ‡ถ๐Ÿ‡จ๐Ÿ‡ฎ๐Ÿ‡ฏ๐Ÿ‡ต๐Ÿ‡ฐ๐Ÿ‡ช๐Ÿ‡ฐ๐Ÿ‡ผ๐Ÿ‡ฑ๐Ÿ‡ท๐Ÿ‡ฒ๐Ÿ‡ฌ๐Ÿ‡ฒ๐Ÿ‡พ๐Ÿ‡ฒ๐Ÿ‡ป๐Ÿ‡ซ๐Ÿ‡ฒ๐Ÿ‡ฒ๐Ÿ‡ฟ๐Ÿ‡ฒ๐Ÿ‡ฒ๐Ÿ‡ณ๐Ÿ‡ฌ๐Ÿ‡ต๐Ÿ‡ฐ๐Ÿ‡ต๐Ÿ‡ผ๐Ÿ‡ต๐Ÿ‡ฌ๐Ÿ‡ต๐Ÿ‡ญ๐Ÿ‡ถ๐Ÿ‡ฆ๐Ÿ‡ผ๐Ÿ‡ธ๐Ÿ‡ธ๐Ÿ‡น๐Ÿ‡ธ๐Ÿ‡ณ๐Ÿ‡ธ๐Ÿ‡จ๐Ÿ‡ธ๐Ÿ‡ฑ๐Ÿ‡ธ๐Ÿ‡ฌ๐Ÿ‡ธ๐Ÿ‡ง๐Ÿ‡ฟ๐Ÿ‡ฆ๐Ÿ‡ฐ๐Ÿ‡ท๐Ÿ‡ฑ๐Ÿ‡ฐ๐Ÿ‡น๐Ÿ‡ฟ๐Ÿ‡น๐Ÿ‡ผ๐Ÿ‡น๐Ÿ‡ญ๐Ÿ‡น๐Ÿ‡ฑ๐Ÿ‡น๐Ÿ‡ด๐Ÿ‡บ๐Ÿ‡ธ๐Ÿ‡ป๐Ÿ‡บ๐Ÿ‡ป๐Ÿ‡ณ
87%
Archerfish Toxotes โœ“ ๐Ÿ‡ฆ๐Ÿ‡บ๐Ÿ‡ง๐Ÿ‡ฉ๐Ÿ‡ง๐Ÿ‡ณ๐Ÿ‡ฐ๐Ÿ‡ญ๐Ÿ‡ฎ๐Ÿ‡ณ๐Ÿ‡ฎ๐Ÿ‡ฉ๐Ÿ‡ฑ๐Ÿ‡ฆ๐Ÿ‡ซ๐Ÿ‡ฒ๐Ÿ‡ฒ๐Ÿ‡ฒ๐Ÿ‡ฒ๐Ÿ‡พ๐Ÿ‡ต๐Ÿ‡ผ๐Ÿ‡ต๐Ÿ‡ฌ๐Ÿ‡ต๐Ÿ‡ญ๐Ÿ‡ธ๐Ÿ‡ฌ๐Ÿ‡ธ๐Ÿ‡ง๐Ÿ‡น๐Ÿ‡ผ๐Ÿ‡น๐Ÿ‡ญ๐Ÿ‡ป๐Ÿ‡ณ
80%
Toothfish Dissostichus โœ“ ๐Ÿ‡ฆ๐Ÿ‡ท๐Ÿ‡ฆ๐Ÿ‡บ๐Ÿ‡ซ๐Ÿ‡ท๐Ÿ‡ฟ๐Ÿ‡ฆ๐Ÿ‡ฌ๐Ÿ‡ง
80%
Epaulette Sharks Hemiscyllium ocellatum โœ“ ๐Ÿ‡ฆ๐Ÿ‡บ
80%
Lungfish Ceratodontiformes โœ“ ๐Ÿ‡ฆ๐Ÿ‡ท๐Ÿ‡ฆ๐Ÿ‡บ๐Ÿ‡ง๐Ÿ‡ฏ๐Ÿ‡ง๐Ÿ‡ด๐Ÿ‡ง๐Ÿ‡ท๐Ÿ‡ง๐Ÿ‡ซ๐Ÿ‡จ๐Ÿ‡ฌ๐Ÿ‡จ๐Ÿ‡ฉ๐Ÿ‡ช๐Ÿ‡น๐Ÿ‡ซ๐Ÿ‡ท๐Ÿ‡ฌ๐Ÿ‡ฆ๐Ÿ‡ฌ๐Ÿ‡ญ๐Ÿ‡ฌ๐Ÿ‡ณ๐Ÿ‡จ๐Ÿ‡ฎ๐Ÿ‡ฐ๐Ÿ‡ช๐Ÿ‡ฒ๐Ÿ‡ผ๐Ÿ‡ฒ๐Ÿ‡ฟ๐Ÿ‡ณ๐Ÿ‡ฌ๐Ÿ‡ต๐Ÿ‡พ๐Ÿ‡ท๐Ÿ‡ผ๐Ÿ‡ธ๐Ÿ‡ณ๐Ÿ‡น๐Ÿ‡ฟ๐Ÿ‡บ๐Ÿ‡ฌ๐Ÿ‡ฟ๐Ÿ‡ฒ
80%
Betta Fish Betta โœ“ ๐Ÿ‡ง๐Ÿ‡ณ๐Ÿ‡ฐ๐Ÿ‡ญ๐Ÿ‡ฎ๐Ÿ‡ฉ๐Ÿ‡ฑ๐Ÿ‡ฆ๐Ÿ‡ฒ๐Ÿ‡พ๐Ÿ‡ธ๐Ÿ‡ฌ๐Ÿ‡น๐Ÿ‡ญ๐Ÿ‡ป๐Ÿ‡ณ
73%
Elephant Fish (Chimera) Callorhinchus โœ“ ๐Ÿ‡ฆ๐Ÿ‡ด๐Ÿ‡ฆ๐Ÿ‡ท๐Ÿ‡ฆ๐Ÿ‡บ๐Ÿ‡ง๐Ÿ‡ท๐Ÿ‡ช๐Ÿ‡จ๐Ÿ‡ณ๐Ÿ‡ฆ๐Ÿ‡ณ๐Ÿ‡ฟ๐Ÿ‡ต๐Ÿ‡ช๐Ÿ‡ฟ๐Ÿ‡ฆ
73%
Sea Moths Pegasus โœ“ ๐Ÿ‡ฆ๐Ÿ‡บ๐Ÿ‡ง๐Ÿ‡ญ๐Ÿ‡จ๐Ÿ‡ณ๐Ÿ‡ฎ๐Ÿ‡ณ๐Ÿ‡ฎ๐Ÿ‡ฉ๐Ÿ‡ฏ๐Ÿ‡ต๐Ÿ‡ฒ๐Ÿ‡พ๐Ÿ‡ฒ๐Ÿ‡ฟ๐Ÿ‡ฒ๐Ÿ‡ฒ๐Ÿ‡ต๐Ÿ‡ญ๐Ÿ‡ธ๐Ÿ‡ฆ๐Ÿ‡ธ๐Ÿ‡ฌ๐Ÿ‡น๐Ÿ‡ผ๐Ÿ‡น๐Ÿ‡ฟ๐Ÿ‡น๐Ÿ‡ญ
73%
No matching quizzes found
Score Distribution
Percent of People with Each Score
Percentile by Number Answered
Your Score History
You have not taken this quiz